[Event "LSS SI-2006-0-00050"]
[Site "LSS email"]
[Date "2006.08.17"]
[Round "?"]
[White "O'Neal, Patrick"]
[Black "Scacco, Mauro"]
[Result "0-1"]
[WhiteElo "1737"]
[BlackElo "2103"]
[PlyCount "30"]
[EventDate "2006.07.18"]
[EventType "tourn (corr)"]
[EventRounds "10"]
[EventCountry "GER"]
[SourceTitle "Corr 2015"]
[Source "ChessBase"]
[SourceDate "2015.07.17"]
[SourceVersion "1"]
[SourceVersionDate "2015.07.17"]
[SourceQuality "1"]

1. e4 e5 2. Nf3 Nc6 3. d4 exd4 4. Bc4 Nf6 5. e5 d5 6. Bb5 Ne4 7. Nxd4 Bd7 8. Bxc6 bxc6 9. 0-0 Bc5 10. f3 Ng5 11. f4 Ne6 12. c3 f5 13. Be3 0-0 14. Nd2 Bb6 15. N2f3 Qe7 0-1

[Event "IECG SI.2006.0.00050"]
[Site "IECG email"]
[Date "2006.07.18"]
[Round "?"]
[White "Pintonello, Gilberto"]
[Black "O'Neal, Patrick"]
[Result "1-0"]
[WhiteElo "1812"]
[BlackElo "1737"]
[PlyCount "31"]
[EventDate "2006.07.18"]
[EventType "tourn (corr)"]
[EventRounds "6"]
[SourceTitle "Corr 2008"]
[Source "ChessBase"]
[SourceDate "2008.06.24"]
[SourceVersion "1"]
[SourceVersionDate "2008.06.24"]
[SourceQuality "1"]

1. d4 Nf6 2. c4 e6 3. Nc3 Bb4 4. Nf3 c5 5. g3 Ne4 6. Bd2 Bxc3 7. bxc3 Nc6 8. Bg2 Na5 9. Bf4 d5 10. cxd5 Nxc3 11. Qd3 Nxd5 12. dxc5 Nxf4 13. Qxd8+ Kxd8 14. gxf4 Bd7 15. Nd4 Rc8 16. Nb3 1-0